logo

Bir Sreshtho Munshi Abdur Rouf Library
Jhenaidah Cadet College

Learning to love / (Record no. 7953)

MARC details
000 -LEADER
fixed length control field 00904cam a2200313 4500
001 - CONTROL NUMBER
JCCL Control Number 7953
003 - CONTROL NUMBER IDENTIFIER
JCCL marc code MCM
005 - DATE AND TIME OF LATEST TRANSACTION
control field 20180417123113.0
008 - FIXED-LENGTH DATA ELEMENTS--GENERAL INFORMATION
fixed length control field 720327s1971 caua b 001 0 eng
020 ## - INTERNATIONAL STANDARD BOOK NUMBER
International Standard Book Number 0878436065
035 ## - SYSTEM CONTROL NUMBER
system control number (BD-JChh)-7953
035 ## - SYSTEM CONTROL NUMBER
system control number (OCoLC)00237191
035 ## - SYSTEM CONTROL NUMBER
system control number GLIS00280137
040 ## - CATALOGING SOURCE
Original cataloging agency DLC
Transcribing agency DLC
Modifying agency m.c.
-- MYG
041 ## - LANGUAGE CODE
Language code of Book eng
082 ## - DEWEY DECIMAL CLASSIFICATION NUMBER
Classification number 248.46
Author mark and Year HAR 1971
090 ## - LOCALLY ASSIGNED LC-TYPE CALL NUMBER (OCLC); LOCAL CALL NUMBER (OCLC)
Classification number (OCLC) (R) ; Classification number, CALL (RLIN) (NR) QL785.5.P7
Local cutter number (OCLC) ; Book number/undivided call number, CALL (RLIN) H286
099 ## - LOCAL FREE-TEXT CALL NUMBER
Classification number QL785.5.P7.H286
100 1# - MAIN ENTRY--PERSONAL NAME
Personal name Harlow, Harry F.
Fuller form of name (Harry Frederick),
Dates associated with a name 1905-1981.
245 10 - TITLE STATEMENT
Title Learning to love /
Statement of responsibility, etc [by] Harry F. Harlow.
260 ## - PUBLICATION, DISTRIBUTION, ETC. (IMPRINT)
Place of publication, distribution, etc San Francisco,
Name of publisher, distributor, etc Albion Pub. Co.
Date of publication, distribution, etc [c1971]
300 ## - PHYSICAL DESCRIPTION
Pagination vii, 122 p.
Other physical details illus.
Dimensions 26 cm.
504 ## - BIBLIOGRAPHY, ETC. NOTE
Bibliography, etc Bibliography: p. 110-113.
650 #0 - SUBJECT ADDED ENTRY--TOPICAL TERM
Topical term or geographic name as entry element Primates
General subdivision Behavior.
650 #0 - SUBJECT ADDED ENTRY--TOPICAL TERM
Topical term or geographic name as entry element Love
General subdivision Psychological testing.
942 ## - ADDED ENTRY ELEMENTS (KOHA)
Source of classification or shelving scheme Dewey Decimal Classification
Koha item type Books
949 ## - LOCAL PROCESSING INFORMATION (OCLC)
a MYGH
b 39080003968606
Holdings
Source of classification or shelving scheme Damaged status Not for loan Home library Current library Shelving location Total Checkouts Full call number Barcode Date last seen Copy number Koha item type
Dewey Decimal Classification     JCC Rouf Library JCC Rouf Library General Stacks   248.46 HAR 1971 10544 02/15/2018 C - 1 Books

JCC Library | Contacts | JCC Home

Last Update on 23 September 2017
Copyright @ 2017-2020 JCC Rouf Library
Rouf Library, Jhenidah Cadet College (JCC), Bangladesh